Statistics for 你管这叫广珠城际?(含江门支线)Guangzhou-Zhuhai Intercity Railway Stations

Click here to take the quiz!

General Stats

  • This quiz has been taken 7 times
  • The average score is 17 of 24

Answer Stats

答案% Correct
广州南站
100%
中山站
100%
珠海站
100%
江门站
100%
唐家湾站
86%
珠海北站
86%
新会站
86%
小榄站
86%
古镇站
71%
明珠站
71%
容桂站
71%
顺德学院站
71%
顺德站
71%
翠亨站
71%
碧江站
57%
南朗站
57%
中山北站
57%
北滘站
57%
江海站
57%
江门东站
57%
礼乐站
57%
南头站
57%
前山站
43%
东升站
43%

Score Distribution

Percentile by Number Answered

Percent of People with Each Score

Your Score History

You have not taken this quiz